Marvel Villains - Statistics

General Stats
  • This quiz has been taken 120 times
  • The average score is 23 of 30
Answer Stats
Hint Answer % Correct
The Fantastic Four's archenemy. Ruler of Latveria. Real name: Victor von Doom. Doctor Doom
100%
Spider-Man's archenemy. Head of a major business. Real name: Norman Osborn. Green Goblin
100%
Thor's archenemy and adopted brother. God of mischief. Real name is a bit of a giveaway. Loki
100%
Captain America's archenemy. Worked for the Nazis. Real name: Johann Schmidt. Red Skull
100%
Spider-Man villain. Has several extra robotic limbs attached to his back. Real name: Otto Octavius. Doctor Octopus
98%
Another Spider-Man villain. Covered in symbiotic goo. Real name: Eddie Brock. Venom
98%
The X-Men's main enemy. Leader of the Brotherhood of Mutants. Real name: Erik Lehnsherr. Magneto
97%
Captain America villain. Used to be Cap's best friend. Real name: James Barnes. Winter Soldier
97%
The Mad Titan. Seeks the Infinity Stones. Real name is a bit of a giveaway (seems to be a regular thing with these guys). Thanos
95%
Super powerful robot. Created by Hank Pym. Real name is a bit of a giveaway. Ultron
94%
Enemy of both Spider-Man and Daredevil. Once smashed a man's head off with a car door. Real name: Wilson Fisk. Kingpin
90%
Spider-Man villain. Covered in red symbiotic goo. Real name: Cletus Kasady. Carnage
87%
Eats planets. Born at the death of one universe and the birth of our own. Real name: Galan. Galactus
87%
Iron Man's archenemy. Wields ten incredibly powerful rings. Real name: Gene Khan. Mandarin
87%
A member of the Brotherhood of Mutants. Mother of Nightcrawler. Real name: Raven Darkholme. Mystique
87%
Wolverine's archenemy. Also has similar powers to Wolverine. Real name: Victor Creed. Sabretooth
86%
Another Daredevil villain. Never misses. Real name: Lester. Bullseye
79%
Another Doctor Strange villain. Comes from the Dark Dimension. Real name is a bit of a giveaway. Dormammu
78%
Another Captain America villain. Leader of the Masters of Evil. Real name: Heinrich or Helmut Zemo. Baron Zemo
68%
Dark Elf leader. Master of the Hounds. Real name is a bit of a giveaway. Malekith the Accursed
62%
The Hulk's archenemy. Has a really big head. Real name: Samuel Sterns. Leader
61%
Doctor Strange villain. Wishes he were the Sorcerer Supreme. Real name: Karl Amadeus Mordo. Baron Mordo
60%
Member of the Kree Empire. Works for the Supreme Intelligence. Real name is a bit of a giveaway. Ronan the Accuser
60%
Ghost Rider's archenemy. Enjoys stealing people's astral spirits. Real name is a bit of a giveaway. Mephisto
56%
Norse mythological fire giant. Involved in Ragnarok. Real name is a bit of a giveaway. Surtur
56%
Black Panther villain, among others. Fights with sound. Real name: Ulysses Klaue. Klaw
55%
Enemy of the Avengers. Looks a bit like Skeletor. Real name: Tony Masters. Taskmaster
53%
Big green dragon. From the planet Maklu IV. Real name is a bit of a giveaway. Fin Fang Foom
43%
Comes from the 30th century. Travels through time. Real name: Nathaniel Richards. Kang the Conqueror
41%
Son of the above. Created from the Darkforce. Real name is a bit of a giveaway. Blackheart
31%
No matching quizzes found
Score Distribution
Percent of People with Each Score
Percentile by Number Answered
Your Score History
You have not taken this quiz